Política religiosa de los liberales en el siglo XIX (Record no. 126785)

MARC details
000 -LEADER
campo de control de longitud fija 00987nam a2200241 i 4500
001 - NÚMERO DE CONTROL
campo de control 126785
003 - IDENTIFICADOR DE NÚMERO DE CONTROL
campo de control ES-MaACL
005 - FECHA Y HORA DE LA ÚLTIMA TRANSACCIÓN
campo de control 20250831024531.0
007 - CAMPO FIJO DE DESCRIPCIÓN FÍSICA--INFORMACIÓN GENERAL
campo de control de longitud fija t|
008 - DATOS DE LONGITUD FIJA--INFORMACIÓN GENERAL
campo de control de longitud fija 070214s1973 sp r ||||1| spa d
100 1# - ENTRADA PRINCIPAL--NOMBRE DE PERSONA
Nombre de persona Revuelta González, Manuel.
9 (RLIN) 96464
245 10 - MENCIÓN DEL TÍTULO
Título Política religiosa de los liberales en el siglo XIX
Resto del título : trienio constitucional /
Mención de responsabilidad, etc. Manuel Revuelta González.
260 ## - PUBLICACIÓN, DISTRIBUCIÓN, ETC.
Lugar de publicación, distribución, etc. Madrid :
Nombre del editor, distribuidor, etc. Consejo Superior de Investigaciones Científicas. Escuela de Historia Moderna,
Fecha de publicación, distribución, etc. 1973.
300 ## - DESCRIPCIÓN FÍSICA
Extensión XVI, 515 p., 13 lám. ;
Dimensiones 25 cm.
490 1# - MENCIÓN DE SERIE
Mención de serie Historia de España en el mundo moderno ;
Designación de volumen o secuencia 4
650 #7 - PUNTO DE ACCESO ADICIONAL DE MATERIA--TÉRMINO DE MATERIA
Término de materia o nombre geográfico como elemento de entrada Iglesia y Estado-
Subdivisión geográfica España-
Subdivisión cronológica S.XIX
Fuente del encabezamiento o término
9 (RLIN) 149103
651 #7 - PUNTO DE ACCESO ADICIONAL DE MATERIA--NOMBRE GEOGRÁFICO
Nombre geográfico España-
Subdivisión general Historia-
Subdivisión cronológica 1820-1823, Trienio constitucional
Fuente del encabezamiento o término
9 (RLIN) 145382
710 2# - ENTRADA AGREGADA--NOMBRE DE ENTIDAD CORPORATIVA
Nombre de entidad corporativa o nombre de jurisdicción como elemento de entrada Escuela de Historia Moderna (Madrid)
9 (RLIN) 3547
830 0# - PUNTO DE ACCESO ADICIONAL DE SERIE-TÍTULO UNIFORME
Título uniforme Historia de España en el mundo moderno
Designación de volumen o secuencia 4
9 (RLIN) 193453
852 ## - LOCALIZACIÓN
Ubicación ES-MaACL
Número de control de estantería E-8112
Sublocalización o colección R.92453
852 ## - LOCALIZACIÓN
Ubicación ES-MaACL
Número de control de estantería P-1192-3
Holdings
Estatus retirado Estado de pérdida Estado de daño No para préstamo Biblioteca de origen Biblioteca actual Ubicación en estantería Fecha de adquisición Fuente de adquisición Total de préstamos Signatura topográfica completa Código de barras Visto por última vez Precio de reemplazo Tipo de ítem Koha
        Biblioteca del Ateneo de Madrid Biblioteca del Ateneo de Madrid Depósito 2 13/12/2019     P-1192-3 1201399 23/02/2023 23/02/2023 Libro impreso
        Biblioteca del Ateneo de Madrid Biblioteca del Ateneo de Madrid Depósito 2 17/01/2008     E-8112 1132057 23/02/2023 23/02/2023 Libro impreso